000 00710nam a22002177a 4500
003 UA-OsUOA
001 125744
007 ta
008 20170925b un ||||| |||| 00| 0 ukr d
100 _aПшінка Н.
090 _a82
_bП93
942 _cSA
040 _aUA-OsUOA
_bukr
_cUA-OsUOA
_dUA-OsUOA
245 _aДвокрилля творчості Т. Шевченка (взаємодія вербальних і зорових образів)
300 _aС.39-47
955 _a0
041 _aukr
080 _a82
773 0 _w125743
_tУкраїнська мова і література в школі
_dК.
_d2017
_g4
650 7 _a82 Література. Літературознавство
_2UDC
999 _c412933
_d412933